00559nam a22001817a 450000500170000001000150001702000280003203500140006003700130007408200120008710000200009924500980011926000350021727000650025230000230031750000190034070000180035920170315164029.0 aENG-117494 a99789386288400c1060.00 aEN-101026 bDBAD/PUB a363.325 aGupta,Ashish K. aCyber war :cby Ashish K. Gupta : introduction by Vinod Pandeybconquest over elusive enemy/  aNew DelhibKW Publishersc2017 a4676/21,First Floor,Ansari Road,DaryaganjbNew Delhie110002 axx,274p.b23cm(Hb) aIncludes index a Pandey,Vinod